| 000 -LEADER | |
|---|---|
| fixed length control field | 00412nam a22001337a 4500 |
| 020 ## - INTERNATIONAL STANDARD BOOK NUMBER | |
| ISBN | 0072470642 |
| 050 ## - LIBRARY OF CONGRESS CALL NUMBER | |
| Classification number | HF5548.2 |
| 100 ## - MAIN ENTRY--AUTHOR NAME | |
| Personal name | O'brien, James A. |
| 245 ## - TITLE STATEMENT | |
| Title | Introduction to information systems: essential for the e-business enterprise |
| 250 ## - EDITION STATEMENT | |
| Edition statement | 11th ed |
| 260 ## - PUBLICATION, DISTRIBUTION, ETC. (IMPRINT) | |
| Place of publication | New York |
| Name of publisher | McGraw_hill Higher Education |
| Year of publication | 2003 |
| 300 ## - PHYSICAL DESCRIPTION | |
| Number of Pages | xx11, 505p.:ill.,include bibliographical references and index |
| 942 ## - ADDED ENTRY ELEMENTS (KOHA) | |
| Koha item type | Books |
| Koha item type | Collection code | Shelving location | Accession Number | Permanent Location | Current Location | Date acquired | Full call number |
|---|---|---|---|---|---|---|---|
| Books | Lending | Lending | 1263 | Chapman Library | Chapman Library | 2016-04-25 | HF5548.2obr |
| Books | Lending | Lending | 1264 | Chapman Library | Chapman Library | 2016-04-25 | HF5548.2obr |
| Books | Reference | Reference | 1265 | Chapman Library | Chapman Library | 2016-04-25 | HF5548.2obr |
| Books | Reference | Reference | 1266 | Chapman Library | Chapman Library | 2016-04-25 | HF5548.2obr |
| Books | Reference | Reference | 1267 | Chapman Library | Chapman Library | 2016-04-25 | HF5548.2obr |

